Refugee protection in international law : UNHCR's global consultations on international protection
Millions of people are forced today to flee persecution. The core international legal instrument on which they must rely to find safety is the 1951 Convention Relating to the Status of Refugees. This book examines key challenges the Convention faces, on the basis of nine papers by eminent internatio...
Spremljeno u:
| Format: | Knjiga |
|---|---|
| Jezik: | Undetermined |
| Izdano: |
Cambridge, U.K.
Cambridge University Press
2003
|
| Teme: | |
| Oznake: |
Dodaj oznaku
Bez oznaka, Budi prvi tko označuje ovaj zapis!
|
| Thư viện lưu trữ: | Trung tâm Học liệu Trường Đại học Cần Thơ |
|---|
| LEADER | 01161nam a2200217Ia 4500 | ||
|---|---|---|---|
| 001 | CTU_166512 | ||
| 008 | 210402s9999 xx 000 0 und d | ||
| 020 | |c 80 | ||
| 082 | |a 341.486 | ||
| 082 | |b R332 | ||
| 245 | 0 | |a Refugee protection in international law : | |
| 245 | 0 | |b UNHCR's global consultations on international protection | |
| 245 | 0 | |c Edited by Erika Feller, Volker Turk, Frances Nicholson | |
| 260 | |a Cambridge, U.K. | ||
| 260 | |b Cambridge University Press | ||
| 260 | |c 2003 | ||
| 520 | |a Millions of people are forced today to flee persecution. The core international legal instrument on which they must rely to find safety is the 1951 Convention Relating to the Status of Refugees. This book examines key challenges the Convention faces, on the basis of nine papers by eminent international refugee lawyers, which were then discussed at an expert roundtable meeting in 2001 as part of UNHCR's Global Consultations on International Protection. | ||
| 650 | |a Refugees,Convention Relating to the Status of Refugee | ||
| 650 | |x Legal status, laws, etc. | ||
| 904 | |i Lan Anh, Giang | ||
| 980 | |a Trung tâm Học liệu Trường Đại học Cần Thơ | ||